Statistics for FC Barcelona UEFA Champions League 22/23 Season STarting XI

Click here to take the quiz!

General Stats

  • This quiz has been taken 160 times
  • The average score is 6 of 11

Answer Stats

HintAnswer% Correct
GKMarc Ter Stegen
95%
STRobert Lewandowski
92%
LBJordi Alba
80%
CBRonald Araujo
78%
DMFFrenkie de Jong
77%
CBJules Kounde
75%
LWFerran Torres
57%
CMFrank Kessie
42%
RBDani Alves
15%
CMPedri Gonzalez
6%
RWRapinha
4%

Score Distribution

Percentile by Number Answered

Percent of People with Each Score

Your Score History

You have not taken this quiz